=LDR 00000nam 2200000 4500 =001 INLIS000000000039133 =005 20130612144801 =008 ***********************************Ind** =035 ##$$0010-061300000039133 =041 ##$$a Ind =082 ##$$a 650.1 =090 ##$$a 650.1, Hen g =100 ##$$a Hendry, Amy =245 ##$$a Great womwn with life and financial, Amy Hendry ; penerjemah, M. Maufur ; penyunting, Yusuf Anas =260 ##$$a 2009 $b Jogyakarta =300 ##$$a 295 hlm, 21 cm =650 ##$$a Sukses aspek bisnis =700 ##$$a Maufur, M =850 ##$$a NBPNMAT